000 00487nam a2200181Ia 4500
005 20250326141525.0
008 250326s9999 xx 000 0 und d
037 _aTextbook
040 _aFMSL
_beng
_cFMSL
041 _aeng
_2eng
084 _qFMSL
100 _aYugandhar B N
245 0 _aReadings decentralised planning
_cYugandhar B N; Mukherjee A
260 _aNew Delhi
_bNew Delhi, Concept Pub. co.
_c1991
300 _a215p
942 _cTB
999 _c1290709
_d1290709